[Event "Titled Tuesday intern op 13th Feb Early"]
[Site "Chess.com INT"]
[Date "2024.02.13"]
[Round "7"]
[White "Bartel, Michal"]
[Black "Mgeladze, Tamaz"]
[Result "1-0"]
[WhiteElo "2246"]
[BlackElo "2388"]
[PlyCount "83"]
[EventDate "2024.02.13"]
[EventType "swiss (blitz)"]
[EventRounds "11"]
[EventCountry "USA"]
[SourceTitle "CB08_2024"]
[SourceDate "2024.02.21"]
[SourceVersion "1"]
[SourceVersionDate "2024.02.21"]
[SourceQuality "1"]

1. e4 c5 2. Ne2 g6 3. g3 Bg7 4. Bg2 Nc6 5. c3 Nf6 6. d4 cxd4 7. cxd4 d6 8. Nbc3 0-0 9. 0-0 Bg4 10. f3 Bd7 11. Be3 Qa5 12. Qd2 Rfc8 13. h3 b5 14. b3 b4 15. Nd1 Qb5 16. Nb2 a5 17. f4 d5 18. e5 Ne4 19. Bxe4 dxe4 20. g4 e6 21. Nc4 Bf8 22. Ng3 Ne7 23. Nd6 Qd5 24. Nxc8 Rxc8 25. Rac1 Nc6 26. f5 exf5 27. gxf5 Ne7 28. Rxc8 Bxc8 29. f6 Nf5 30. Nxf5 Bxf5 31. Kh2 Be6 32. Bh6 Qb5 33. Rf2 Qd5 34. Bxf8 Kxf8 35. Qe3 Ke8 36. Rc2 a4 37. Rc5 Qa8 38. d5 Bxd5 39. Qd4 axb3 40. Rxd5 bxa2 41. Qxb4 Qa7 42. Qb5+ 1-0

[Event "Titled Tuesday intern op 13th Feb Early"]
[Site "Chess.com INT"]
[Date "2024.02.13"]
[Round "3"]
[White "Mgeladze, Tamaz"]
[Black "Yang, Kevin S"]
[Result "0-1"]
[WhiteElo "2388"]
[BlackElo "2096"]
[PlyCount "92"]
[EventDate "2024.02.13"]
[EventType "swiss (blitz)"]
[EventRounds "11"]
[EventCountry "USA"]
[SourceTitle "CB08_2024"]
[SourceDate "2024.02.21"]
[SourceVersion "1"]
[SourceVersionDate "2024.02.21"]
[SourceQuality "1"]

1. c4 d5 2. cxd5 Nf6 3. Nc3 Nxd5 4. Nxd5 Qxd5 5. Nf3 g6 6. g3 Bg7 7. Bg2 Qd6 8. 0-0 0-0 9. d3 c6 10. Bf4 Qb4 11. Rb1 a5 12. a3 Qb5 13. b4 axb4 14. Rxb4 Qa5 15. Re4 Qxa3 16. Be5 Bf5 17. Bxg7 Kxg7 18. Rh4 h5 19. Nd4 Bg4 20. h3 g5 21. Rxg4 hxg4 22. Nf5+ Kf6 23. hxg4 e6 24. Ne3 Nd7 25. Qb1 Rfb8 26. Nc4 Qc5 27. Qb2+ Ke7 28. Rc1 Qa7 29. Qb4+ Qc5 30. Qd2 Ra4 31. Nb2 Qa5 32. Qc2 Ra2 33. Qb3 Qa3 34. Qxa3+ Rxa3 35. Nc4 Ra2 36. Bf3 b5 37. Ne3 c5 38. Kg2 Kd6 39. Rh1 Ne5 40. Rh5 f6 41. Rh7 b4 42. Rh6 b3 43. Rxf6 b2 44. Nf5+ Kd7 45. Ng7 b1Q 46. Nxe6 Nxf3 0-1

[Event "Titled Tuesday intern op 06th Feb Early"]
[Site "Chess.com INT"]
[Date "2024.02.06"]
[Round "1"]
[White "Mgeladze, Tamaz"]
[Black "Balla, Tamas Kristof"]
[Result "1-0"]
[WhiteElo "2388"]
[BlackElo "2283"]
[PlyCount "97"]
[EventDate "2024.02.06"]
[EventType "swiss (blitz)"]
[EventRounds "11"]
[EventCountry "USA"]
[SourceTitle "CB07_2024"]
[SourceDate "2024.02.14"]
[SourceVersion "1"]
[SourceVersionDate "2024.02.14"]
[SourceQuality "1"]

1. c4 c5 2. Nc3 Nc6 3. g3 g6 4. Bg2 Bg7 5. Nf3 e6 6. d4 cxd4 7. Nb5 d5 8. cxd5 exd5 9. Nbxd4 Nge7 10. 0-0 0-0 11. b3 Bf5 12. Bb2 Be4 13. Nxc6 bxc6 14. Bxg7 Kxg7 15. Rc1 Rc8 16. Qd4+ Kg8 17. Ne5 Bxg2 18. Kxg2 Qd6 19. Ng4 Nf5 20. Nf6+ Kh8 21. Qb2 d4 22. Ne4 Qd5 23. f3 Ne3+ 24. Kf2 Nxf1 25. Rc5 Qd7 26. Kxf1 f5 27. Nf2 Rcd8 28. Nd3 Qe6 29. Re5 Qf6 30. Qc2 Rfe8 31. f4 Qd6 32. Qc4 Rxe5 33. Nxe5 Rf8 34. Nf7+ Rxf7 35. Qxf7 Qc5 36. Kg2 a5 37. Kh3 h6 38. Qxg6 Qe7 39. Qxh6+ Kg8 40. Qg6+ Kf8 41. Qxf5+ Ke8 42. Qe5 Qxe5 43. fxe5 Ke7 44. Kg4 Ke6 45. Kf4 c5 46. Ke4 a4 47. h4 axb3 48. axb3 d3 49. exd3 1-0

[Event "Titled Tuesday intern op 24th Oct Late"]
[Site "Chess.com INT"]
[Date "2023.10.24"]
[Round "2"]
[White "Mgeladze, Tamaz"]
[Black "Cupid, Kevin"]
[Result "1-0"]
[WhiteElo "2388"]
[BlackElo "2163"]
[PlyCount "177"]
[EventDate "2023.10.24"]
[EventType "swiss (blitz)"]
[EventRounds "11"]
[EventCountry "USA"]
[SourceTitle "Mega2024 Update 01"]
[Source "Chessbase"]
[SourceDate "2023.11.12"]
[SourceVersion "1"]
[SourceVersionDate "2023.11.12"]
[SourceQuality "1"]

1. c4 e5 2. g3 Nf6 3. Bg2 c6 4. Nf3 e4 5. Nd4 Bc5 6. Nb3 Bb6 7. c5 Bc7 8. Nc3 d5 9. cxd6 Bxd6 10. Nxe4 Nxe4 11. Bxe4 Bh3 12. e3 Qd7 13. d4 0-0 14. Nc5 Qc8 15. Bd2 Re8 16. Qc2 g6 17. 0-0-0 Nd7 18. Bb4 Nf6 19. Bd3 Nd5 20. Bd2 a5 21. a3 b6 22. Ne4 Be7 23. Nc3 Qb7 24. Nxd5 cxd5 25. Kb1 b5 26. Rc1 Rec8 27. Qb3 b4 28. Rxc8+ Rxc8 29. Rc1 Rxc1+ 30. Bxc1 Qc6 31. a4 Bd7 32. Bb5 Bf5+ 33. Bd3 Bxd3+ 34. Qxd3 Qxa4 35. b3 Qc6 36. Qc2 Qb5 37. f3 Kg7 38. e4 Bf6 39. Bb2 Qf1+ 40. Ka2 Qxf3 41. e5 Bg5 42. h4 Be3 43. Qd3 Qf2 44. Qd1 Qxg3 45. h5 Qf4 46. Qd3 gxh5 47. Qc2 h4 48. Qg2+ Qg3 49. Qxd5 h3 50. e6 fxe6 51. Qxe6 Bd2 52. Qe7+ Kh6 53. Qf6+ Qg6 54. Qh4+ Qh5 55. Qf6+ Qg6 56. Qf8+ Qg7 57. Qf3 Bc3 58. Qxh3+ Kg6 59. Bxc3 bxc3 60. Qxc3 Qf6 61. Qd3+ Qf5 62. Qa6+ Qf6 63. Qd3+ Qf5 64. Qd2 h5 65. d5 Qd7 66. d6 h4 67. Qd3+ Kg5 68. Qe3+ Kg4 69. Qe4+ Kg5 70. Qe7+ Qxe7 71. dxe7 h3 72. e8Q Kg4 73. Qh8 Kg3 74. Ka3 Kg2 75. Ka4 h2 76. Kxa5 h1Q 77. Qxh1+ Kxh1 78. b4 Kg2 79. b5 Kf3 80. b6 Ke4 81. b7 Kd5 82. b8Q Kc6 83. Qb5+ Kc7 84. Kb4 Kc8 85. Qb6 Kd7 86. Kc5 Kc8 87. Qa7 Kd8 88. Kd6 Kc8 89. Qa8# 1-0

[Event "Titled Tuesday intern op 24th Oct Late"]
[Site "Chess.com INT"]
[Date "2023.10.24"]
[Round "8"]
[White "Mgeladze, Tamaz"]
[Black "Sreyas, Payyappat"]
[Result "0-1"]
[WhiteElo "2388"]
[BlackElo "2075"]
[PlyCount "76"]
[EventDate "2023.10.24"]
[EventType "swiss (blitz)"]
[EventRounds "11"]
[EventCountry "USA"]
[SourceTitle "Mega2024 Update 01"]
[Source "Chessbase"]
[SourceDate "2023.11.12"]
[SourceVersion "1"]
[SourceVersionDate "2023.11.12"]
[SourceQuality "1"]

1. c4 c5 2. Nc3 Nc6 3. g3 Nf6 4. Bg2 g6 5. Nf3 Bg7 6. 0-0 0-0 7. d3 b6 8. a3 Bb7 9. Rb1 d5 10. cxd5 Nxd5 11. Nxd5 Qxd5 12. b4 cxb4 13. axb4 Nd4 14. Be3 Rfd8 15. Bxd4 Bxd4 16. Qa4 b5 17. Qa3 Rac8 18. Rfc1 Bb6 19. h4 e5 20. Kh2 Bxf2 21. Rxc8 Rxc8 22. Rc1 Rxc1 23. Qxc1 e4 24. Ng5 Qe5 25. Qf4 Qxf4 26. gxf4 exd3 27. exd3 Bxg2 28. Kxg2 Bxh4 29. Ne4 Be1 30. Nd6 a6 31. Kf3 Bxb4 32. Ne8 Bc3 33. Nc7 b4 34. Nd5 a5 35. Ke2 a4 36. Kd1 a3 37. Nxc3 bxc3 38. d4 a2 0-1

[Event "Titled Tuesday intern op 24th Oct Late"]
[Site "Chess.com INT"]
[Date "2023.10.24"]
[Round "4"]
[White "Yang, Kevin S"]
[Black "Mgeladze, Tamaz"]
[Result "1-0"]
[WhiteElo "2096"]
[BlackElo "2388"]
[PlyCount "141"]
[EventDate "2023.10.24"]
[EventType "swiss (blitz)"]
[EventRounds "11"]
[EventCountry "USA"]
[SourceTitle "Mega2024 Update 01"]
[Source "Chessbase"]
[SourceDate "2023.11.12"]
[SourceVersion "1"]
[SourceVersionDate "2023.11.12"]
[SourceQuality "1"]

1. d4 Nf6 2. Bf4 g6 3. e3 Bg7 4. h4 0-0 5. c3 d6 6. Bd3 Nc6 7. Bh2 e5 8. Ne2 e4 9. Bc2 Bg4 10. c4 Ne7 11. Nbc3 d5 12. cxd5 Nexd5 13. Nxe4 Nxe4 14. Bxe4 Nxe3 15. fxe3 Qxh4+ 16. g3 Qe7 17. Qd3 Rae8 18. Nc3 c6 19. Bg1 f5 20. Bg2 Qd6 21. Bf2 h5 22. 0-0 Kh7 23. e4 Rd8 24. exf5 Bxf5 25. Be4 Bxd4 26. Bxf5 Rxf5 27. Bxd4 Rxf1+ 28. Rxf1 Qxd4+ 29. Qxd4 Rxd4 30. Rf7+ Kh6 31. Rxb7 a5 32. Rb6 c5 33. Kf2 Kg5 34. Rb5 Kg4 35. Ne2 Rd2 36. Rxc5 Rxb2 37. Rxa5 g5 38. Ra4+ Kh3 39. a3 Ra2 40. Kf3 g4+ 41. Ke3 Kg2 42. Ra8 Kf1 43. Nf4 h4 44. gxh4 g3 45. h5 Rb2 46. h6 Rb3+ 47. Ke4 Rb7 48. Rg8 Kf2 49. Rg6 Re7+ 50. Kf5 Rf7+ 51. Kg4 Ra7 52. Rg7 Ra6 53. h7 Rh6 54. Kg5 Rh1 55. Kf5 Kf3 56. a4 Rh6 57. a5 g2 58. Nxg2 Rh5+ 59. Kg6 Rh2 60. Nf4 Rh1 61. Rg8 Rg1+ 62. Kf7 Rh1 63. h8Q Rxh8 64. Rxh8 Kxf4 65. Re8 Kf5 66. a6 Kg5 67. a7 Kh6 68. a8Q Kg5 69. Qd5+ Kh6 70. Re6+ Kh7 71. Qh5# 1-0

[Event "Titled Tuesday intern op 23rd May Early"]
[Site "Chess.com INT"]
[Date "2023.05.23"]
[Round "1"]
[White "Mika, Tomasz1111"]
[Black "Mgeladze, Tamaz"]
[Result "0-1"]
[WhiteElo "2169"]
[BlackElo "2388"]
[PlyCount "118"]
[EventDate "2023.05.23"]
[EventType "swiss (blitz)"]
[EventRounds "11"]
[EventCountry "USA"]
[SourceTitle "CBM 214 Extra"]
[Source "ChessBase"]
[SourceDate "2023.07.31"]
[SourceVersion "1"]
[SourceVersionDate "2023.07.31"]
[SourceQuality "1"]

1. d4 Nf6 2. Bf4 g6 3. Nc3 Bg7 4. e4 d6 5. Qd2 0-0 6. Nf3 Bg4 7. 0-0-0 Nc6 8. Qe3 Nd7 9. d5 Nce5 10. Be2 Bxf3 11. gxf3 c6 12. Bh6 Bxh6 13. Qxh6 f6 14. h4 Nf7 15. Qe3 Rc8 16. Rdg1 cxd5 17. Nxd5 e6 18. Nf4 Qe7 19. Rg2 Nde5 20. Rhg1 Kh8 21. Qb3 Rfe8 22. Bb5 Nc6 23. Rxg6 Nd4 24. Qd3 Nxb5 25. Qxb5 Qc7 26. c3 hxg6 27. Nxg6+ Kh7 28. Qh5+ Nh6 29. Ne5 Rg8 30. Rg6 Rxg6 31. Qxg6+ Kh8 32. Qxh6+ Qh7 33. Qxf6+ Qg7 34. Nf7+ Kg8 35. Qxg7+ Kxg7 36. Nxd6 Rb8 37. Kd2 Kf6 38. f4 e5 39. Ke3 b6 40. Nc4 exf4+ 41. Kxf4 Rh8 42. Ke3 Rxh4 43. f3 Rh2 44. Nd2 Ke6 45. c4 a5 46. b3 Kd6 47. a3 Rh3 48. b4 a4 49. Kd4 Rh1 50. f4 Rd1 51. Kc3 Ra1 52. e5+ Ke6 53. Kd4 Rxa3 54. Ne4 Ra1 55. c5 bxc5+ 56. Nxc5+ Kf5 57. b5 a3 58. Kc3 Rc1+ 59. Kb3 Rxc5 0-1

[Event "Titled Tuesday intern op 07th Feb Late"]
[Site "Chess.com INT"]
[Date "2023.02.07"]
[Round "10"]
[White "Herman, Daniel"]
[Black "Mgeladze, Tamaz"]
[Result "1-0"]
[WhiteElo "1957"]
[BlackElo "2388"]
[PlyCount "87"]
[EventDate "2023.02.07"]
[EventType "swiss (blitz)"]
[EventRounds "11"]
[EventCountry "USA"]
[SourceTitle "EXT 2024"]
[Source "ChessBase"]
[SourceDate "2023.10.10"]
[SourceVersion "1"]
[SourceVersionDate "2023.10.10"]
[SourceQuality "1"]

1. Nf3 Nf6 2. c4 g6 3. b4 Bg7 4. Bb2 0-0 5. e3 b6 6. Be2 c5 7. b5 a6 8. a4 axb5 9. axb5 Rxa1 10. Bxa1 Bb7 11. 0-0 d6 12. d4 Nbd7 13. d5 Qc7 14. Nc3 Ra8 15. Bb2 Ne4 16. Qc2 Nxc3 17. Bxc3 Bxc3 18. Qxc3 Qb8 19. e4 Ra2 20. Bd3 Qa7 21. e5 Qa5 22. Qc1 Nxe5 23. Nxe5 dxe5 24. Qg5 f6 25. Qg4 Qc3 26. Qe6+ Kf8 27. d6 exd6 28. Qxf6+ Kg8 29. Bxg6 hxg6 30. Qxg6+ Kf8 31. Qxd6+ Kf7 32. Qd7+ Kf6 33. Qxb7 Qxc4 34. Qxb6+ Kf5 35. Qc6 Rb2 36. b6 Qb5 37. Qc8+ Kf6 38. b7 Rb1 39. Qd8+ Kg6 40. Qd6+ Kf5 41. g4+ Kf4 42. Qf6+ Kxg4 43. Qg6+ Kf3 44. Rxb1 1-0

[Event "Titled Tuesday intern op 07th Feb Late"]
[Site "Chess.com INT"]
[Date "2023.02.07"]
[Round "4"]
[White "Mgeladze, Tamaz"]
[Black "Seletsky, Grigory"]
[Result "1-0"]
[WhiteElo "2388"]
[BlackElo "2279"]
[PlyCount "83"]
[EventDate "2023.02.07"]
[EventType "swiss (blitz)"]
[EventRounds "11"]
[EventCountry "USA"]
[SourceTitle "EXT 2024"]
[Source "ChessBase"]
[SourceDate "2023.10.10"]
[SourceVersion "1"]
[SourceVersionDate "2023.10.10"]
[SourceQuality "1"]

1. c4 c5 2. g3 Nc6 3. Bg2 Nf6 4. Nc3 g6 5. Nf3 Bg7 6. 0-0 0-0 7. d3 d6 8. a3 Bd7 9. Rb1 a5 10. Bg5 h6 11. Bd2 Kh7 12. Ne1 Rb8 13. Nc2 b6 14. b4 axb4 15. axb4 Ne8 16. b5 Nd4 17. Nxd4 Bxd4 18. Nd5 e6 19. Nf4 Bg7 20. Qc2 Nc7 21. Bc3 e5 22. Nd5 Nxd5 23. Bxd5 Bh3 24. Rfe1 f5 25. Ra1 f4 26. Ra7 Qf6 27. f3 fxg3 28. hxg3 Qg5 29. Kf2 h5 30. Qd2 Qf6 31. Rh1 Be6 32. Be4 Bf5 33. Qe3 Bxe4 34. Qxe4 Rf7 35. Rxh5+ Kg8 36. Rxf7 Qxf7 37. Rg5 Kh7 38. Bd2 Bh6 39. Rh5 Qf5 40. Rxh6+ Kg7 41. Qxf5 gxf5 42. Rxd6 1-0

[Event "Titled Tuesday intern op 06th Dec Early"]
[Site "Chess.com INT"]
[Date "2022.12.06"]
[Round "3"]
[White "Leve, Nitai D"]
[Black "Mgeladze, Tamaz"]
[Result "0-1"]
[WhiteElo "2128"]
[BlackElo "2388"]
[PlyCount "74"]
[EventDate "2022.12.06"]
[EventType "swiss (blitz)"]
[EventRounds "11"]
[EventCountry "USA"]
[SourceTitle "CBM 211 Extra"]
[Source "ChessBase"]
[SourceDate "2023.01.31"]
[SourceVersion "1"]
[SourceVersionDate "2023.01.31"]
[SourceQuality "1"]

1. e4 c5 2. Nf3 g6 3. d4 cxd4 4. Nxd4 Bg7 5. Nc3 Nc6 6. Be3 Nf6 7. Be2 0-0 8. f4 d6 9. Nb3 a5 10. a4 Be6 11. g4 Rc8 12. g5 Nd7 13. h4 Bxb3 14. cxb3 Nb4 15. h5 Bxc3+ 16. bxc3 Rxc3 17. Bd4 Nc2+ 18. Kf2 Nxd4 19. Qxd4 Rc2 20. hxg6 fxg6 21. Rxh7 e5 22. Rxd7 Qxd7 23. Qd5+ Qf7 24. Qxf7+ Rxf7 25. Ke3 exf4+ 26. Kd3 Rc5 27. Bg4 Kg7 28. Be6 Rxg5 29. Bxf7 Kxf7 30. Rc1 Rc5 31. Rh1 Kg7 32. Kd4 g5 33. Rg1 Kg6 34. Rh1 g4 35. Rh8 g3 36. Rd8 Rg5 37. Rxd6+ Kh5 0-1

[Event "Titled Tuesday intern op 06th Dec Early"]
[Site "Chess.com INT"]
[Date "2022.12.06"]
[Round "6"]
[White "Mgeladze, Tamaz"]
[Black "Guzman Moneo, Alberto"]
[Result "1/2-1/2"]
[WhiteElo "2388"]
[BlackElo "2146"]
[PlyCount "240"]
[EventDate "2022.12.06"]
[EventType "swiss (blitz)"]
[EventRounds "11"]
[EventCountry "USA"]
[SourceTitle "CBM 211 Extra"]
[Source "ChessBase"]
[SourceDate "2023.01.31"]
[SourceVersion "1"]
[SourceVersionDate "2023.01.31"]
[SourceQuality "1"]

1. c4 g6 2. g3 Bg7 3. Bg2 e5 4. Nc3 d6 5. Nf3 f5 6. 0-0 Nf6 7. d3 0-0 8. Rb1 h6 9. b4 g5 10. a4 g4 11. Nd2 h5 12. Qb3 Kh8 13. a5 a6 14. e3 h4 15. f3 Nc6 16. Nd5 Ne7 17. Nxf6 Rxf6 18. fxg4 fxg4 19. Rxf6 Bxf6 20. Ne4 Bg7 21. gxh4 Nf5 22. Bd2 Nxh4 23. Rf1 Be6 24. Qd1 Nxg2 25. Kxg2 Qh4 26. Qe1 Qh3+ 27. Kg1 Bg8 28. Qg3 Qh5 29. Nf6 Bxf6 30. Rxf6 Kg7 31. Rf2 Rf8 32. e4 Rxf2 33. Kxf2 Be6 34. Be3 c6 35. c5 dxc5 36. Bxc5 Kf7 37. Bd6 Qh3 38. Bxe5 Qxg3+ 39. Kxg3 Kg6 40. Kf4 Bb3 41. Bd6 Bc2 42. d4 Bd1 43. Be7 Kf7 44. Bh4 Ke6 45. Bf2 Be2 46. Bg3 Bd1 47. Ke3 Kd7 48. Kd2 Bf3 49. Ke1 Bxe4 50. Kf2 Ke6 51. Ke3 Kd5 52. Bh4 Bf5 53. Be7 Bd7 54. Bc5 Bf5 55. Kf4 Bd7 56. Kg5 Ke4 57. Kf6 Kd5 58. Ke7 Bf5 59. Kd8 Bd3 60. Kc7 Bb5 61. Kxb7 Be2 62. Kc7 Bb5 63. Kd7 Be2 64. Ke7 Bb5 65. Kf6 Be2 66. Kf5 Bf3 67. Kg5 Be2 68. Kf4 Bd1 69. Kg3 Be2 70. Bb6 Bd1 71. Kf2 Kc4 72. Bc5 Kd5 73. Ke3 Kc4 74. Ke4 Bf3+ 75. Ke5 Bd5 76. Kf5 Bf3 77. Kf4 Bd1 78. Ke5 Kb5 79. Kd6 Bf3 80. Ke5 Bd5 81. Kf4 Be6 82. Ke4 Bb3 83. Ke5 Bd1 84. Kf4 Be2 85. Ke3 Bd1 86. Ke4 Bf3+ 87. Kf4 Bd1 88. Ke5 Be2 89. d5 cxd5 90. Kxd5 Bf3+ 91. Ke5 Bd1 92. Kf4 Be2 93. Ke3 Bd1 94. Bd6 Bb3 95. Kf4 Be6 96. Ke5 Bc8 97. Bc5 Kc6 98. Kf4 Kb5 99. Kg5 Kc6 100. Kf6 Kb5 101. Bd6 Kc6 102. Ke7 Bf5 103. Bc5 Bc8 104. Kd8 Bf5 105. Ke8 Kb5 106. Kf7 Bc2 107. Kf6 Bd1 108. Kf5 Be2 109. Kf4 Bd1 110. Ke3 Bb3 111. Ke4 Be6 112. Ke5 Bc8 113. Kd6 Bb7 114. Ke6 Bf3 115. Kf5 Be2 116. Kf4 Bd1 117. Ke3 Kc6 118. Kf2 Kb5 119. Kg3 Kc6 120. Kf4 Kb5 1/2-1/2

[Event "Titled Tuesday intern op 29th Nov Early"]
[Site "Chess.com INT"]
[Date "2022.11.29"]
[Round "2"]
[White "Li, Hui"]
[Black "Mgeladze, Tamaz"]
[Result "1-0"]
[WhiteElo "1976"]
[BlackElo "2388"]
[PlyCount "129"]
[EventDate "2022.11.29"]
[EventType "swiss (blitz)"]
[EventRounds "11"]
[EventCountry "USA"]
[SourceTitle "EXT 2024"]
[Source "ChessBase"]
[SourceDate "2023.10.10"]
[SourceVersion "1"]
[SourceVersionDate "2023.10.10"]
[SourceQuality "1"]

1. e4 c5 2. Nf3 g6 3. d4 cxd4 4. Nxd4 Bg7 5. Nc3 Nc6 6. Be3 Nf6 7. Bc4 0-0 8. Bb3 a5 9. 0-0 a4 10. Nxa4 Nxe4 11. Nb5 d5 12. c3 e6 13. f3 Nd6 14. Nxd6 Qxd6 15. Bc5 Qf4 16. Nb6 Rb8 17. Bxf8 Bxf8 18. Nxc8 Rxc8 19. g3 Qe3+ 20. Kg2 Bc5 21. f4 h5 22. Bc2 d4 23. Re1 d3 24. Rxe3 dxc2 25. Qxc2 Bxe3 26. Qd3 Bc5 27. Rd1 Ra8 28. a3 Ne7 29. Qb5 b6 30. Rd7 Nf5 31. Qc6 Rf8 32. Qc7 Ne3+ 33. Kf3 Nd5 34. Qb7 Nf6 35. Rc7 Ng4 36. Rc8 Nxh2+ 37. Kg2 Ng4 38. Rxf8+ Kxf8 39. b4 Be3 40. Qc8+ Kg7 41. a4 Nf6 42. a5 bxa5 43. bxa5 Nd5 44. a6 h4 45. gxh4 Bb6 46. Qb7 Bc5 47. a7 Bxa7 48. Qxa7 Nxf4+ 49. Kf3 Nd5 50. Qd4+ Kf8 51. c4 Nc7 52. Qd8+ Ne8 53. c5 e5 54. c6 e4+ 55. Kxe4 f5+ 56. Kf3 Kf7 57. c7 Nxc7 58. Qxc7+ Kf6 59. Qf4 Kg7 60. Qg5 Kh7 61. Kf4 Kh8 62. Ke5 Kh7 63. Kf6 f4 64. Qxg6+ Kh8 65. Qg7# 1-0

[Event "Titled Tuesday intern op 29th Nov Early"]
[Site "Chess.com INT"]
[Date "2022.11.29"]
[Round "7"]
[White "Mgeladze, Tamaz"]
[Black "Odegov, Artem"]
[Result "1-0"]
[WhiteElo "2388"]
[BlackElo "2286"]
[PlyCount "57"]
[EventDate "2022.11.29"]
[EventType "swiss (blitz)"]
[EventRounds "11"]
[EventCountry "USA"]
[SourceTitle "EXT 2024"]
[Source "ChessBase"]
[SourceDate "2023.10.10"]
[SourceVersion "1"]
[SourceVersionDate "2023.10.10"]
[SourceQuality "1"]

1. c4 Nf6 2. Nc3 e6 3. e4 d5 4. e5 Nfd7 5. d4 c5 6. cxd5 exd5 7. Nf3 Nc6 8. Bb5 cxd4 9. Nxd4 Ndxe5 10. 0-0 Bc5 11. Re1 0-0 12. Nxc6 Nxc6 13. Qxd5 Qxd5 14. Nxd5 Bf5 15. Be3 Bxe3 16. Rxe3 Rfe8 17. Rae1 Rxe3 18. Rxe3 Kf8 19. Bxc6 bxc6 20. Nc3 Rd8 21. f3 Be6 22. Kf2 c5 23. Ke1 Rb8 24. Re2 h5 25. Kd1 h4 26. Kc1 h3 27. gxh3 Bxh3 28. Re5 c4 29. Rh5 1-0

[Event "Titled Tuesday intern op 29th Nov Early"]
[Site "Chess.com INT"]
[Date "2022.11.29"]
[Round "3"]
[White "Mgeladze, Tamaz"]
[Black "Reprintsev, Alexander"]
[Result "1-0"]
[WhiteElo "2388"]
[BlackElo "2330"]
[PlyCount "107"]
[EventDate "2022.11.29"]
[EventType "swiss (blitz)"]
[EventRounds "11"]
[EventCountry "USA"]
[SourceTitle "EXT 2024"]
[Source "ChessBase"]
[SourceDate "2023.10.10"]
[SourceVersion "1"]
[SourceVersionDate "2023.10.10"]
[SourceQuality "1"]

1. c4 e5 2. g3 Nc6 3. Bg2 Bc5 4. Nc3 Nf6 5. Nf3 d6 6. 0-0 a6 7. d3 h6 8. a3 Bg4 9. b4 Ba7 10. h3 Bh5 11. Be3 Nd4 12. Bxd4 exd4 13. Nd5 c6 14. Nf4 0-0 15. Nxh5 Nxh5 16. a4 Re8 17. Re1 f5 18. Qb3 Kh8 19. b5 Bc5 20. bxc6 bxc6 21. Nh4 Rb8 22. Qc2 Bb4 23. Bxc6 Bxe1 24. Rxe1 f4 25. Bxe8 fxg3 26. fxg3 Qxe8 27. Qd2 Nxg3 28. Kg2 Nh5 29. Rf1 Kh7 30. Rf5 g5 31. Nf3 Nf4+ 32. Kh2 Qg6 33. Nxd4 Re8 34. e3 Ne6 35. Qf2 Nxd4 36. Rf7+ Kg8 37. Rf6 Qxd3 38. Rxd6 Qe2 39. Qxe2 Nxe2 40. Rxh6 Rxe3 41. Rxa6 Kf7 42. a5 Nf4 43. c5 Rxh3+ 44. Kg1 Rc3 45. c6 Ke6 46. Rb6 Kf5 47. a6 Kg4 48. a7 Kg3 49. Rb1 Nh3+ 50. Kf1 Ra3 51. c7 Rf3+ 52. Ke2 Nf4+ 53. Kd2 Rd3+ 54. Kc2 1-0

[Event "Titled Tuesday intern op 22nd Nov Late"]
[Site "Chess.com INT"]
[Date "2022.11.22"]
[Round "5"]
[White "Sarana, Alexey"]
[Black "Mgeladze, Tamaz"]
[Result "1-0"]
[WhiteElo "2668"]
[BlackElo "2388"]
[PlyCount "103"]
[EventDate "2022.11.22"]
[EventType "swiss (blitz)"]
[EventRounds "11"]
[EventCountry "USA"]
[SourceTitle "CBM 211 Extra"]
[Source "ChessBase"]
[SourceDate "2023.01.31"]
[SourceVersion "1"]
[SourceVersionDate "2023.01.31"]
[SourceQuality "1"]

1. d4 Nf6 2. c4 g6 3. Nc3 Bg7 4. e4 0-0 5. Be2 d6 6. Be3 c5 7. d5 e6 8. Nf3 exd5 9. cxd5 Bg4 10. Nd2 Bxe2 11. Qxe2 a6 12. a4 Nbd7 13. 0-0 Re8 14. Bf4 Ne5 15. h3 Rc8 16. Bh2 c4 17. Bxe5 Rxe5 18. Nxc4 Re8 19. a5 Qc7 20. Ra4 Qc5 21. Nb6 Rcd8 22. Qd3 Nh5 23. g3 Nf6 24. Kg2 Nd7 25. Nxd7 Rxd7 26. Rfa1 Rc7 27. R1a3 Rec8 28. Rb3 h5 29. h4 Be5 30. f4 Bg7 31. Ne2 Qa7 32. Rab4 Rc1 33. Rxb7 Qc5 34. Nxc1 Qxc1 35. Rb8 Rxb8 36. Rxb8+ Kh7 37. Qe2 Bd4 38. Rb7 Qg1+ 39. Kh3 Qh1+ 40. Qh2 Qd1 41. Qg2 Bg1 42. Qh1 Qf1+ 43. Qg2 Qd1 44. g4 hxg4+ 45. Qxg4 Qf1+ 46. Qg2 Qd3+ 47. Kg4 Qd1+ 48. Qf3 Qe1 49. f5 g5 50. hxg5 Bh2 51. Qh3+ Kg8 52. Rb8+ 1-0

[Event "Titled Tuesday intern op 15th Nov Early"]
[Site "Chess.com INT"]
[Date "2022.11.15"]
[Round "8"]
[White "Gorodetzky, David"]
[Black "Mgeladze, Tamaz"]
[Result "0-1"]
[WhiteElo "2495"]
[BlackElo "2388"]
[PlyCount "68"]
[EventDate "2022.11.15"]
[EventType "swiss (blitz)"]
[EventRounds "11"]
[EventCountry "USA"]
[SourceTitle "CBM 211 Extra"]
[Source "ChessBase"]
[SourceDate "2023.01.31"]
[SourceVersion "1"]
[SourceVersionDate "2023.01.31"]
[SourceQuality "1"]

1. d4 Nf6 2. c4 g6 3. Nc3 Bg7 4. e4 0-0 5. Be2 d6 6. Be3 c5 7. d5 a6 8. a4 e6 9. Nf3 exd5 10. cxd5 Bg4 11. Nd2 Bxe2 12. Qxe2 Nbd7 13. 0-0 Re8 14. Rfe1 Rb8 15. a5 Qc7 16. f3 h5 17. Nc4 Ne5 18. Nb6 h4 19. Bf2 h3 20. g4 c4 21. Red1 Re7 22. Ra4 Rbe8 23. Nxc4 Nxc4 24. Qxc4 Qd7 25. Qf1 Nxg4 26. fxg4 Bxc3 27. Rc4 Qxg4+ 28. Kh1 Qf3+ 29. Kg1 Bxb2 30. Rd3 Qf4 31. Qxh3 Rxe4 32. Rxe4 Rxe4 33. Rb3 Bd4 34. Rxb7 Qxf2+ 0-1

[Event "Titled Tuesday intern op 15th Nov Early"]
[Site "Chess.com INT"]
[Date "2022.11.15"]
[Round "9"]
[White "Ivic, Velimir"]
[Black "Mgeladze, Tamaz"]
[Result "1-0"]
[WhiteElo "2560"]
[BlackElo "2388"]
[PlyCount "75"]
[EventDate "2022.11.15"]
[EventType "swiss (blitz)"]
[EventRounds "11"]
[EventCountry "USA"]
[SourceTitle "CBM 211 Extra"]
[Source "ChessBase"]
[SourceDate "2023.01.31"]
[SourceVersion "1"]
[SourceVersionDate "2023.01.31"]
[SourceQuality "1"]

1. d4 Nf6 2. c4 g6 3. Nc3 Bg7 4. e4 d6 5. Be2 0-0 6. Be3 c5 7. d5 a6 8. a4 e6 9. Nf3 exd5 10. cxd5 Bg4 11. Nd2 Bxe2 12. Qxe2 Nbd7 13. 0-0 Re8 14. h3 Rc8 15. a5 Qc7 16. Ra4 h5 17. Bf4 Ne5 18. Bg3 Kh7 19. f4 Ned7 20. Qd3 b5 21. axb6 Nxb6 22. Rxa6 c4 23. Qc2 Nbd7 24. Rc6 Qb8 25. Nxc4 Rxc6 26. dxc6 Nc5 27. e5 dxe5 28. fxe5 Nfe4 29. Nxe4 Nxe4 30. Qxe4 Qb3 31. Rxf7 Qxg3 32. c7 Kh8 33. Qf4 Qe1+ 34. Kh2 Qe2 35. Rxg7 Kxg7 36. Nd6 Rc8 37. Nxc8 Qd2 38. Qxd2 1-0

[Event "Titled Tuesday intern op 15th Nov Late"]
[Site "Chess.com INT"]
[Date "2022.11.15"]
[Round "4"]
[White "Mgeladze, Tamaz"]
[Black "Aguilar, Juan"]
[Result "1-0"]
[WhiteElo "2388"]
[BlackElo "2254"]
[PlyCount "59"]
[EventDate "2022.11.15"]
[EventType "swiss (blitz)"]
[EventRounds "11"]
[EventCountry "USA"]
[SourceTitle "CBM 211 Extra"]
[Source "ChessBase"]
[SourceDate "2023.01.31"]
[SourceVersion "1"]
[SourceVersionDate "2023.01.31"]
[SourceQuality "1"]

1. c4 e5 2. g3 Nf6 3. Bg2 c6 4. Nf3 e4 5. Nd4 d5 6. cxd5 Qb6 7. Nb3 cxd5 8. d3 Bb4+ 9. Bd2 0-0 10. 0-0 exd3 11. exd3 Bg4 12. Bf3 Bxf3 13. Qxf3 Nbd7 14. Be3 Qa6 15. d4 Rac8 16. a3 Bd6 17. Nc3 Qb6 18. Nc5 Nxc5 19. dxc5 Qxb2 20. Bd4 Be7 21. Rab1 Qc2 22. Rfc1 Qg6 23. Bxf6 Bxf6 24. Nxd5 Rfd8 25. Nxf6+ gxf6 26. Rxb7 Rd3 27. Qf4 Rxa3 28. c6 Kg7 29. c7 Qd3 30. Qg4+ 1-0